VLSI DIGITAL SIGNAL PROCESSING SYSTEMS: (Record no. 5462)

MARC details
000 -LEADER
fixed length control field 00396nam a22001457a 4500
005 - DATE AND TIME OF LATEST TRANSACTION
control field 20170530115339.0
008 - FIXED-LENGTH DATA ELEMENTS--GENERAL INFORMATION
fixed length control field 170530b xxu||||| |||| 00| 0 eng d
020 ## - INTERNATIONAL STANDARD BOOK NUMBER
ISBN 978-81-265-1098-6
041 ## - LANGUAGE CODE
Language code of text/sound track or separate title eng
100 ## - MAIN ENTRY--AUTHOR NAME
Personal name PARHI, KESHAB K.
245 ## - TITLE STATEMENT
Title VLSI DIGITAL SIGNAL PROCESSING SYSTEMS:
Remainder of title DESIGN AND IMPLEMENTATION
260 ## - PUBLICATION, DISTRIBUTION, ETC. (IMPRINT)
Place of publication NEW DELHI
Name of publisher WILEY & SONS
Year of publication 1999
300 ## - PHYSICAL DESCRIPTION
Number of Pages 784
942 ## - ADDED ENTRY ELEMENTS (KOHA)
Koha item type Books
Holdings
Lost status Damaged status Home library Current library Shelving location Date acquired Source of acquisition Cost, normal purchase price Full call number Accession Number Koha item type
    JRU Library   SHELF-6-A 30/05/2017 PURCHESS 789.00 621.395 21808 Books